Определение собственной частоты кольцевых тросовых амортизаторов; Материалы научной конференции, посвященной 100-летию со дня рождения В. И. Ленина Томского инженерно-строительного института. Секция сопротивления материалов и строительной механики.

Бібліографічні деталі
Parent link:Материалы научной конференции, посвященной 100-летию со дня рождения В. И. Ленина Томского инженерно-строительного института. Секция сопротивления материалов и строительной механики..— 1970.— С. 62
Інші автори: Горбунов В. Ф., Резников И. Г., Деробетти С. С., Груба И. Е., Пашнин А. И.
Мова:Російська
Опубліковано: 1970
Предмети:
Формат: MixedMaterials Частина з книги
KOHA link:https://koha.lib.tpu.ru/cgi-bin/koha/opac-detail.pl?biblionumber=594688

MARC

LEADER 00000naa0a2200000 4500
001 594688
005 20250212165131.0
035 |a (RuTPU)RU\TPU\tpu\11464 
035 |a RU\TPU\tpu\11462 
090 |a 594688 
100 |a 20030916d1970 k y0rusy50 ca 
101 0 |a rus 
102 |a RU 
200 1 |a Определение собственной частоты кольцевых тросовых амортизаторов  |f В. Ф. Горбунов [и др.] 
463 |t Материалы научной конференции, посвященной 100-летию со дня рождения В. И. Ленина Томского инженерно-строительного института. Секция сопротивления материалов и строительной механики.  |v С. 62  |d 1970 
610 1 |a тросовые амортизаторы 
610 1 |a собственная частота 
610 1 |a труды учёных ТПУ 
701 1 |a Горбунов  |b В. Ф. 
701 1 |a Резников  |b И. Г. 
701 1 |a Деробетти  |b С. С. 
701 1 |a Груба  |b И. Е. 
701 1 |a Пашнин  |b А. И. 
801 1 |a RU  |b 63413507  |c 20030916  |g PSBO 
801 2 |a RU  |b 63413507  |c 20100316  |g PSBO 
942 |c BK